Sports Quiz

Random Sports or Baseball Quiz
Score 0/93 Timer 12:00
0 Plays Today
% Correct
Zach Zwaga
70%
Josh Levy
70%
Tony Sanchez
70%
Scott Houdek
70%
Coach Zach Zwaga
70%
Seth Astroth
60%
Zach Benning
60%
Ty Wiesemeyer
60%
Zach Williams
60%
Eric Aguilera
60%
Nate Sopena
60%
Matt Igara
60%
Zac Zellers
60%
Zac Johnson
60%
Luke Mottashed
60%
Andy Burns
60%
Jon Watters
60%
RJ Bachtold
60%
Dillon Napoleon
60%
Chris Razo
60%
Josh Golliver
60%
Alex Ludwig
60%
Jerad Grundy
60%
Jeremy Stawychny
60%
Mike Collins
60%
Ryan Richardson
60%
Dylan Johnson
60%
Kevin Borst
60%
Mike Failoni
60%
Mitch Tielke
60%
Tyler Buhs
60%
% Correct
Clint Stroud
60%
Ryder Borre
60%
Michael Gordon
60%
Coach Nate Metzger
60%
Coach Ryan Knox
60%
Coach Josh Kauten
60%
Coach Ryan Britnell
60%
Coach Evan Fahrner
60%
Ryan August
50%
Tim Barry
50%
Josh Colon
50%
Kit Crook
50%
Cody Crook
50%
Cody Gilles
50%
Ryan Juris
50%
Tim Lyons
50%
Cory Phillips
50%
Mike Stalter
50%
Cory Stonelake
50%
Zach Watkins
50%
Bryan Huff
50%
Ryan Wachholder
50%
Alex Zarate
50%
Darren Sneeringer
50%
Jon Weaver
50%
Jacob Hadsall
50%
Andrew Wilson
50%
Aaron Hauge
50%
Mike McKinley
50%
Aaron Vogt
50%
Joe Goskusky
50%
% Correct
Amanda Barnard
50%
Kevin Johnson
50%
Colin Detmer
40%
Jason Egli
40%
Ryan Jacobson
40%
Brad Jahnke
40%
C.J. O'Connell
40%
Andy Parsill
40%
Jimmy Suits
40%
Mason Weatherly
40%
Craig Lipp
40%
Nick Bowles
40%
Colin Sallee
40%
Joe Krasny
40%
Chris Richter
40%
Dominick D'Agata
40%
Brinn Bell
40%
Drew Sabol
40%
Brock Simon
40%
Brian Behnke
30%
Jerid Coleman
30%
Nick Heckelman
30%
Nick Krisman
30%
Taylor Springer
30%
Bob Martin
30%
Steve Kedroski
30%
Ryan Garrett
20%
Matt Horton
20%
Stephen Krominga
20%
Tyler Leipold
20%
Scott Winters
20%
Remove Ads.
Support Sporcle.
Get the best of Sporcle when you Go Orange. This ad-free experience offers more features, more stats, and more fun while also helping to support Sporcle. Thank you for becoming a member.

You're not logged in!

Compare scores with friends on all Sporcle quizzes.
OR
Log In

Show Comments

Extras

Top Quizzes Today


Score Distribution

Your Account Isn't Verified!

In order to create a playlist on Sporcle, you need to verify the email address you used during registration. Go to your Sporcle Settings to finish the process.

Report this User

Report this user for behavior that violates our Community Guidelines.

Details: